000 00387nam a2200157Ia 4500
008 180921t1986 xxu||||| |||| 00| 0 eng d
041 _aeng
080 _a633.88(540)
_bJON
100 _aCalus, J.F.
245 4 _aThe medicinal and poisonous plants of India
260 _b
_c1986
300 _a528p., 24 cm
942 _cBK
999 _c18746
_d18746
003 LK-CoDNM
040 _aLK-CoDNM
_dLK-CoDNM
_eLK-CoDNM